| 000 | 00758cam1a220022900 4500 | ||
|---|---|---|---|
| 001 | lce00557893 | ||
| 008 | 850709s1961 ilua b 000 0 eng | ||
| 010 | _a 61010377 /L/r85 | ||
| 035 | _a(Sirsi) r65601 | ||
| 035 | _a(DLC) 61010377 /L/r85 | ||
| 035 | _a(UPRA)lce00557893 | ||
| 040 |
_aDLC/ICU _cICU _dUPRA |
||
| 050 | 0 |
_aQP321 _b.H58 |
|
| 082 | 0 | _a612.74 | |
| 100 | 1 |
_aHettinger, Theodor. _6A25765.1 |
|
| 245 | 1 | 0 |
_aPhysiology of strength / _cedited by M.H. Thurlwell ; with forewords by Arthur H. Steinhaus and William J. Erdman. |
| 260 |
_aSpringfield, IL : _bThomas, _c[1961] |
||
| 504 | _aIncludes bibliographical references. | ||
| 650 | 0 |
_aMuscle strength. _6S18632.1 |
|
| 949 |
_aQP321 _wlcc _i-87666 _mMAIN _tBOOK _lON-SHELF |
||
| 004 | 65601 | ||
| 999 |
_c180561 _d180561 |
||